| 000 | 00906nas a2200301 4500 | ||
|---|---|---|---|
| 001 | BR7800452 | ||
| 003 | BR-BrBNA | ||
| 005 | 20231205083306.0 | ||
| 007 | ta | ||
| 008 | 230509b bl.|||p| |||| 00| 00por d | ||
| 040 |
_aBR-BrBNA _bpor _cBiblioteca Nacional de Agricultura |
||
| 041 | _a(Pt) | ||
| 072 | _aH20 | ||
| 100 | 1 | _aMinussi, E. | |
| 100 | 1 | _aMachado, C.C. | |
| 100 | 1 | _aMenten, J.O.M. | |
| 100 | 1 | _aCastro, C. | |
| 100 | 1 | _aKimati, H. | |
| 245 | 1 | _aEfeitos de diferentes regimes de luz na esporulacao de Stemphylium solani Weber em meio de cultura [mancha parda, fungo, tomate] | |
| 650 | _aTOMATE | ||
| 650 | _aMANCHA PARDA | ||
| 650 | _aFUNGO | ||
| 650 | _aMEIO DE CULTURA | ||
| 650 | _aESPORULACAO | ||
| 773 | 0 |
_tFitopatologia Brasileira (Brazil) _xISSN 0100-4158 _g(Jul 1977), v. 2(2) p. 167-171 _wBR7800452 |
|
| 909 |
_a202311 _bLúcia _c55 _dLúcia Elande |
||
| 942 |
_2AGRIS _n0 _cANA |
||
| 999 |
_c97764 _d97764 |
||